| 000 | 01576nam0a22003012i 4500 | ||
|---|---|---|---|
| 001 | RU\VMP\43195 | ||
| 005 | 20250107113942.0 | ||
| 100 | _a20150331d1976 |||y0rusy5050 ca | ||
| 101 | _arus | ||
| 102 | _aRU | ||
| 105 | _ay ||||||||| | ||
| 200 | 1 | _aИсследования и находки | |
| 210 |
_aМ. _cИскусство _d1976 |
||
| 215 |
_a160 с. текст., 171 с. ил. _d22 см. |
||
| 320 | _aПримечания после каждой статьи. | ||
| 600 | 1 |
_3RU\VMP\AUTH\3964 _aКипренский _f1783–1836 _gОрест Адамович _93964 |
|
| 600 | 1 |
_2nlr_sh _aТомилов _f1779-1848 _gАлексей Романович _xмеценат, коллекционер |
|
| 600 | 1 |
_2nlr_sh _aКуракин _f1752-1818 _gАлександр Борисович |
|
| 600 | 1 |
_2nlr_sh _aФирсов _fоколо 1733- после 1785 _gИван Иванович _xхудожник |
|
| 600 | 1 |
_2nlr_sh _aШибанов _f?- после 1789 _gМихаил _xкрепостной художник |
|
| 606 | 1 |
_3RU\VMP\AUTH\3644 _aИстория искусства _yРоссия _zXVIII вв. _93644 |
|
| 606 |
_aИЛЛ _xв основном - Шибанов и ранние рисунки Кипренского, в т. ч. на крестьянские темы |
||
| 606 | 1 |
_3RU\VMP\AUTH\4244 _aКрепостная интеллигенция _94244 |
|
| 700 | 1 |
_4070 _aАлексеева _bТ. В. _f1920-1991 _gТатьяна Васильевна |
|
| 610 |
_543756 _aИскусство |
||
| 610 |
_543757 _aИскусство |
||
| 942 | _cBOOK | ||
| 090 | _a43195 | ||